000 00355nam a22001337a 4500
020 _a9789380358178
040 _cNUST
082 _a604.2
_bBHA
100 _aN.D. BHATT
245 _aENGINEERING DRAWING
_bPLANE AND SOLID GEOMETRY
260 _aINDIA:
_bCharotar publishing house,
_c2010.
650 _aPLANE AND SOLID GEOMETRY
_9131911
942 _2ddc
_cBK
999 _c615354
_d615354